书目信息 |
| 题名: |
国际经济合作
|
|
| 作者: | 李旭 主编 | |
| 分册: | ||
| 出版信息: | 北京 科学出版社 2010.6 |
|
| 页数: | 12,329页 | |
| 开本: | 26cm | |
| 丛书名: | ||
| 单 册: | ||
| 中图分类: | F114.4 | |
| 科图分类: | ||
| 主题词: | 国际合作--经济合作--高等学校--教材 | |
| 电子资源: | ||
| ISBN: | 978-7-03-027634-6 | |
| 000 | 00879nam0 2200241 450 | |
| 001 | 351850 | |
| 005 | 20161017103926.30 | |
| 010 | @a978-7-03-027634-6@dCNY35.00 | |
| 100 | @a20100729d2010 em y0chiy50 ea | |
| 101 | 0 | @achi |
| 102 | @aCN@b110000 | |
| 105 | @ay z 000yy | |
| 106 | @ar | |
| 200 | 1 | @a国际经济合作@f李旭主编 |
| 210 | @a北京@c科学出版社@d2010.6 | |
| 215 | @a12,329页@d26cm | |
| 300 | @a普通高等教育“十一五”规划教材 高等院校国际贸易类教材系列 | |
| 330 | @a本书共十二章,主要内容包括:国际经济合作概述、国际经济合作基本理论、国际直接投资、国际间接投资、国际风险投资、国际工程承包与劳务合作、国际技术转让、国际租赁、国际信贷、国际信息合作、国际发展援助和国际经济协调。 | |
| 606 | 0 | @a国际合作@x经济合作@x高等学校@j教材 |
| 690 | @aF114.4@v5 | |
| 701 | 0 | @a李旭@c(女,国际贸易)@4主编 |
| 801 | 0 | @aCN@bTANGWEI@c20161010 |
| 905 | @b0896830-4@dF114.4@e177@f5 | |
| 国际经济合作/李旭主编.-北京:科学出版社,2010.6 |
| 12,329页;26cm |
| 普通高等教育“十一五”规划教材 高等院校国际贸易类教材系列 |
| ISBN 978-7-03-027634-6:CNY35.00 |
| 本书共十二章,主要内容包括:国际经济合作概述、国际经济合作基本理论、国际直接投资、国际间接投资、国际风险投资、国际工程承包与劳务合作、国际技术转让、国际租赁、国际信贷、国际信息合作、国际发展援助和国际经济协调。 |
| ● |
| 相关链接 |
|
|
|
|
正题名:国际经济合作
索取号:F114.4/177
 
预约/预借
| 序号 | 登录号 | 条形码 | 馆藏地/架位号 | 状态 | 备注 |
| 1 | 0896830 | 208968303 | 第一样本阅览室/ [索取号:F114.4/177] | 在馆 | |
| 2 | 0896831 | 208968312 | 密集书库-海洋学院/ [索取号:F114.4/177] | 在馆 | |
| 3 | 0896832 | 208968321 | 第一借阅区/ [索取号:F114.4/177] | 在馆 | |
| 4 | 0896833 | 208968330 | 第一借阅区/ [索取号:F114.4/177] | 在馆 | |
| 5 | 0896834 | 208968349 | 第一借阅区/ [索取号:F114.4/177] | 在馆 |